| 000 | 01805nam a2200313 i 4500 | ||
|---|---|---|---|
| 001 | bg | ||
| 003 | BPK | ||
| 005 | 20200513112528.0 | ||
| 008 | 981030s1987 pl a f |100 0 pol | ||
| 015 | _aPB 1987/5088 | ||
| 040 |
_aWA N _cBPK |
||
| 041 | 0 |
_apol _bger |
|
| 080 | _a628.1/.8 | ||
| 080 | _a(06) | ||
| 245 | 0 | 0 |
_aII Ogólnopolska konferencja naukowa na temat Kompleksowe i szczegółowe problemy inżynierii środowiska : _bzbiór referatów. _nZ. 6 - monotematyczny, _pStudium teoretyczno-badawcze dynamiki ziarna nad sitem przesiewacza wibracyjnego w procesie frakcjowania kruszyw budowlanych / _caut. Janusz Maciążek, Tadeusz Piecuch ; Instytut Inżynierii Sanitarnej. Politechnika Częstochowska ; [red. nacz. Tadeusz Piecuch]. |
| 246 | 1 | 5 | _aPolnische wissenschaftliche Konferenz zum Thema Komplex - und Detailprobleme der Umwelttechnik, 2. |
| 246 | 1 | 5 | _aTheoretisch-wissenchaftliches Studium der Korndynamik über die Vibrationsfläche im Prozess der Bauzuschlagsstoffsfraktionieren. |
| 260 |
_aCzęstochowa ; _aUstronie Morskie : _bPC, _c1987. |
||
| 300 |
_a[2], 164 s. : _b1 portr., wykr. ; _c24 cm. |
||
| 500 | _aTyt. równol.: II Polnische wissenschaftliche Konferenz zum Thema Komplex - und-Detailprobleme der Umwelttechnik : Sammlung der Vorträge. Theoretisch-wissenschaftliches Studium der Korndynamik über die Vibrationsfläche im Prozess der Bauzuschlagsstoffsfraktionieren. | ||
| 504 | _aBibliogr. przy ref. | ||
| 546 | _a Spis treści także niem. | ||
| 650 | 4 |
_aKruszywo _xtechnologia. |
|
| 650 | 4 |
_aPrzesiewacze _xeksploatacja. |
|
| 700 | 1 | _aMaciążek, Janusz. | |
| 700 | 1 |
_aPiecuch, Tadeusz _d(1946-2018) _eAutor |
|
| 856 |
_uhttp://koha.tu.koszalin.pl/cgi-bin/koha/opac-detail.pl?biblionumber=23421 _yKatalog online BPK |
||
| 942 |
_2UKD _cKS |
||
| 999 |
_c23421 _d23421 |
||